000 00618nam a22001937a 4500
010 _a953803
035 _a953803
037 _bCen Lib / Ret
040 _aDPL
_bEN
082 _a881
_bAUR
100 _aAurobindo Ghose
245 _aSavitri :
_bFollowed by the author's letters on the poems /
_cby Aurobindo Ghose
260 _aPondicherry
_bSri Aurobindo Ashram,
_c1954
270 _aSri Aurobindo Ashram,
_bPondicherry
300 _a940p ;
_c24cm(Hb)
490 _aSri Aurobindo International University Centre Collection.
_v2
650 _aEnglish literature
942 _2ddc
_cEN
_h881
_mAUR
999 _c137119
_d137119